Statistics for Name the days of the week in 4 languages - Quiz Language Lesson 1

Click here to take the quiz!

General Stats

  • This quiz has been taken 17 times
  • The average score is 15 of 28

Answer Stats

HintAnswer% Correct
Monday
93%
Wednesday
93%
Friday
87%
Saturday
87%
ENGSunday
87%
Thursday
87%
Tuesday
87%
Lundi
73%
Mercredi
73%
Mardi
67%
Freitag
60%
Montag
60%
Jeudi
53%
Samedi
53%
DSontag
53%
Vendredi
53%
Dienstag
47%
FDimanche
47%
Donnerstag
47%
Mittwoch
47%
Samstag
47%
Dinsdag
20%
Donderdag
20%
Maandag
20%
Zaterdag
20%
NLZondag
20%
Vrijdag
13%
Woensdag
13%

Score Distribution

Percentile by Number Answered

Percent of People with Each Score

Your Score History

You have not taken this quiz